00865nam a22002537a 450000500170000001000130001702000100003003500130004003700160005304000120006908200130008110000220009424500800011626000430019627000470023930000200028650000510030665000250035765000370038270000260041994200220044599900190046795201250048620170124110219.0 aA-298465 c00.00 aA-298465 bCen Lib/Ret aDPLbEN a920bUSH aUsha Bala 928850 aIndian women freedom fighters 1857-1947 /cby Usha Bala [and] Anshu Sharma  aNew DelhibManohar publications c1986 bNew Delhia1,ansari road Daryaganje110002 a207p.c21cm(Hb) aIncludes bibliographical references and index  aWomen zIndia 95070 aFreedom fighters zIndia 939561 aSharma, Anshu 939562 2ddccENh920mUSH c134020d134020 001040718REFaLbLd2015-07-28eCen Lib/Retg0.00l0o920 USHpA-298465r2015-07-28 00:00:00t1v0.00w2015-07-28yEN